MARC

LEADER 00000nam0a2200000 4500
001 107977
005 20231031115458.0
010 |a 376432466X 
035 |a (RuTPU)RU\TPU\book\116567 
090 |a 107977 
100 |a 20070111d1990 k y0gery50 ba 
101 0 |a ger 
102 |a DE 
105 |a a z 000zy 
200 1 |a Strukturen im Umbruch 
210 |a Berlin  |c Birkhauser Verlag  |d 1990 
215 |a 202 s.  |c il. 
610 1 |a высшее образование 
610 1 |a университеты 
610 1 |a университетское образование 
610 1 |a Германия 
610 1 |a немецкий язык 
686 |a Ч484(4Г)  |v LBC/SL-A  |2 rubbk 
801 1 |a RU  |b 63413507  |c 20070111  |g PSBO 
801 2 |a RU  |b 63413507  |c 20101116  |g PSBO 
942 |c BK